02236nam a2200325Ia 450000500170000000800410001702000220005804000140008004100130009408200170010710000360012411000420016024500490020226000290025130000330028033600270031333700330034033800290037350505290040265000270093165000230095894200170098195201510099895201510114995201510130095201510145195201440160295201470174699900170189320260703211432.0211116s2012 mx abodgr 000 0 mx d a978-607-8229-40-6 aBPGMbspa aspahspa a909.82 / L46 aLEÓN MANRÍQUEZ, JOSÉ LUIS aSECRETARÍA DE EDUCACIÓN PÚBLICA 0aTRANSFORMACIONES EN EL MUNDO CONTEMPORÁNEO aMÉXICO ;bSEP ,c2012. a441 páginasc24 X 19.7 cm. 2rdacontentatextobtxt 2rdamediaasin mediaciónbn 2rdacarrieravolumen bnc aEl propósito del módulo Transformaciones en el mundo contemporáneo es que analices el mundo actual a partir de algunas de las ideas y procesos sociales que lo han construido después de la Segunda Guerra Mundial: corrientes de pensamiento, desarrollo tecno-científico, migraciones, creaciones culturales, procesos económicos y sus crisis, guerras, revoluciones y organización política, con la finalidad de contar con elementos que propicien una participación activa y consciente en tu propio entorno social. aGEOGRAFÍA E HISTORIA aHISTORIA UNIVERSAL cGENERAL2ddc 00102ddc40708GENERALaBPCEFCbBPCEFCcACCESO B PLANTA BAJAd2026-07-03l0o909.82 / L46p29729r2026-07-03 21:16:32tEJ.4w2026-07-03yGENERAL 00102ddc40708GENERALaBPCEFCbBPCEFCcACCESO B PLANTA BAJAd2026-07-03l0o909.82 / L46p29731r2026-07-03 21:19:51tEJ.6w2026-07-03yGENERAL 00102ddc40708GENERALaBPCEFCbBPCEFCcACCESO B PLANTA BAJAd2026-07-03l0o909.82 / L46p29730r2026-07-03 21:24:01tEJ.5w2026-07-03yGENERAL 00102ddc40708GENERALaBPCEFCbBPCEFCcACCESO B PLANTA BAJAd2026-07-03l0o909.82 / L46p29728r2026-07-03 21:27:23tEJ.3w2026-07-03yGENERAL 00102ddc40708GENERALaBPCEFCbBPCEFCcACCESO B PLANTA BAJAd2026-07-03l0o909.82 / L46r2026-07-03 21:32:18tEJ.2w2026-07-03yGENERAL 00122ddc4051718GENERALaBPCEFCbBPCEFCcACCESO B PLANTA BAJAd2026-07-03l0o909.82 / L46r2026-07-03 21:33:39tEJ.1w2026-07-03yGENERAL c68752d68752